000
00298nam a2200121Ia 4500
005
20251222143201.0
008
251222s9999||||xx |||||||||||||| ||spa||
082
_a
375.2/A48G
100
_a
Alvarado Oyarce, Otoniel
245
0
_a
Gerencia Educativa:
264
_b
Fondo Editorial UCV
942
_c
LIB
999
_c
13067
_d
13067